000 00560nam a22001817a 4500
003 UA-OsUOA
001 10793
007 ta
008 20050127b un ||||| |||| 00| 0 ukr d
100 _aШвалб Ю.
942 _cSA
040 _aUA-OsUOA
_cUA-OsUOA
_dUA-OsUOA
245 _aСвідомість як відношенння людини до світу
300 _aС.154 - 167
955 _a0
773 0 _w0
_tПсихологія і суспільство
_dТернопіль
_d2004
_g№4
650 7 _aПсихологія особистості
_2UDC
999 _c296954
_d296954